[Event "Open A"]
[Site "Riga LAT"]
[Date "2004.08.17"]
[Round "4"]
[White "Berzinsh,R"]
[Black "Daskevics,Va"]
[Result "1/2-1/2"]
[WhiteElo "2455"]
[BlackElo "2326"]

1.e4 c5 2.Nf3 Nc6 3.Bb5 g6 4.Bxc6 dxc6 5.d3 Bg7 6.h3 Nf6 7.Nc3 Nd7 8.Be3 e5
9.Qd2 Qe7 10.Nh2 O-O 11.Bh6 f6 12.Bxg7 Qxg7 13.f4 exf4 14.Qxf4 Ne5 15.O-O Be6
16.Rf2 Qe7 17.Raf1 Rf7 18.Qe3 Raf8 19.b3 Qd6 20.Ne2 b6 21.Qg3 Bc8 22.Kh1 Qe7
23.Ng1 a5 24.Ngf3 Nxf3 25.Nxf3 b5 26.Re2 Qc7 27.Qe1 a4 28.bxa4 b4 29.a3 Qa5
30.axb4 cxb4 31.Qa1 c5 32.Nd2 Bd7 33.Nb3 Qa7 34.Ref2 Bxa4 35.Rxf6 Rxf6 36.Rxf6 Rxf6
37.Qxf6 Bxb3 38.cxb3 Qd7 39.Qa6 Kg7 40.Qc4 Qd6 41.Kg1 h5 42.Qc2 Qd4+ 43.Kf1 Qa1+
44.Kf2 Qe5 45.Qc1 Qd4+ 46.Ke2 Qe5 47.h4 Kh7 48.Qc4 Qb2+ 49.Kf3 Qf6+ 50.Kg3 Qe5+
51.Kh3 Qf4  1/2-1/2

[Event "14th Open"]
[Site "Abu Dhabi UAE"]
[Date "2004.08.18"]
[Round "5"]
[White "Dzhumaev,M"]
[Black "Taleb,M"]
[Result "1-0"]
[WhiteElo "2520"]
[BlackElo "2464"]

1.e4 c5 2.Nf3 Nc6 3.Bb5 Nf6 4.e5 Nd5 5.Nc3 Nc7 6.O-O g6 7.Bc4 Bg7 8.Re1 O-O
9.d3 b6 10.Bf4 h6 11.Qd2 Kh7 12.Ne4 Ne6 13.c3 Qc7 14.Bg3 Nxe5 15.Bd5 Rb8
16.Bxe6 fxe6 17.Nxe5 Bxe5 18.Ng5+ hxg5 19.Rxe5 d6 20.Qxg5 Rf5 21.Rxf5 exf5
22.Bf4 e5 23.Qh6+ Kg8 24.Qxg6+ Qg7 25.Qxd6  1-0

[Event "14th Open"]
[Site "Abu Dhabi UAE"]
[Date "2004.08.18"]
[Round "5"]
[White "Chernyshov,K"]
[Black "Ghaem Maghami,E"]
[Result "0-1"]
[WhiteElo "2585"]
[BlackElo "2552"]

1.e4 c5 2.Nf3 Nc6 3.Bb5 Qb6 4.Nc3 e6 5.d3 Nge7 6.O-O a6 7.Bc4 Qc7 8.Ng5 h6
9.Nh3 b5 10.Bb3 Nd4 11.Be3 Nec6 12.f4 Bb7 13.f5 Bd6 14.Qh5 Bxh2+ 15.Kh1 Be5
16.Nf4 O-O-O 17.Qxf7 exf5 18.Ng6 Rhe8 19.a4 Nxb3 20.cxb3 Bxc3 21.bxc3 fxe4
22.axb5 axb5 23.Bxc5 exd3 24.Ne7+ Nxe7 25.Bxe7 Qg3 26.Rf3 Bxf3 27.gxf3 Rxe7
28.Qxe7 Qxf3+ 29.Kg1 Qg4+ 30.Kh1 Qh5+ 31.Kg1 Qd5 32.Qe3 d6 33.b4 Qg5+ 34.Qxg5 hxg5
35.Rd1 Kd7 36.Rxd3 Re8 37.Rf3 Kc6 38.Kf2 Re4 39.Rd3 g4 40.Kg3 g6 41.Kh4 Rf4
42.Rd1 Rf3 43.Rc1 Rd3 44.c4 Rd4 45.cxb5+ Kxb5 46.Rc8 Kxb4 47.Rg8 d5 48.Rxg6 Re4
49.Kg5 g3 50.Kf5 Re3 51.Kf4 d4 52.Rb6+ Kc3 53.Rc6+ Kd3 54.Ra6 Ke2 55.Ra2+ Kf1  0-1

[Event "Knjaz Milos Jezero Open"]
[Site "Belgrade SCG"]
[Date "2004.08.19"]
[Round "3"]
[White "Stancic,L"]
[Black "Vujosevic,D"]
[Result "0-1"]
[WhiteElo "1916"]
[BlackElo "2092"]

1.e4 c5 2.Nf3 Nc6 3.Bb5 Qc7 4.Nc3 e6 5.O-O a6 6.Bxc6 Qxc6 7.d4 cxd4 8.Nxd4 Qc7
9.Re1 b5 10.Be3 Bb7 11.Qd3 Nf6 12.f3 Bd6 13.h3 O-O 14.Kh1 Bg3 15.Rf1 d5 16.Bg5 dxe4
17.fxe4 Be5 18.Bxf6 Bxf6 19.Nce2 Rad8 20.Qe3 Qe5 21.c3 Bxe4 22.Kg1 Bd5 23.Qd2 Bc4
24.Rad1 Bg5 25.Qc2 Qe3+ 26.Kh1 Bf6 27.b3 Bd5 28.Rd3 Qh6 29.Qd2 Bg5 30.Qe1 Be4
31.Rg3 Bh4 32.Rf4 Bxg3 33.Qxg3 f5 34.Rh4 Qf6 35.Nf4 e5 36.Nh5 Qe7 37.Ne6 Rd1+
38.Kh2 Qa7 39.Qxg7+ Qxg7 40.Nhxg7 Rf6 41.Rh5 Rg6  0-1

[Event "Knjaz Milos Jezero Open"]
[Site "Belgrade SCG"]
[Date "2004.08.19"]
[Round "3"]
[White "Starcevic,G"]
[Black "Vranesevic,D"]
[Result "1-0"]
[WhiteElo "2183"]
[BlackElo "2038"]

1.e4 c5 2.Nf3 Nc6 3.Bb5 e6 4.Bxc6 bxc6 5.d3 d5 6.Qe2 Nf6 7.O-O Be7 8.Nc3 Ba6
9.Ne5 Rc8 10.a3 Qb6 11.Rd1 O-O 12.b3 Rfd8 13.Bb2 Qc7 14.f4 Nd7 15.Nxd7 Rxd7
16.Qg4 Bf8 17.Ne2 dxe4 18.f5 exf5 19.Qxf5 exd3 20.Nf4 d2 21.Nh5 Qd6 22.Qg4 f5
23.Qg5 Rf7 24.Rxd2 Qg6 25.Qxg6 hxg6 26.Nf4 Kh7 27.Ne6 Re8 28.Ng5+ Kg8 29.Nxf7 Kxf7
30.Rd7+ Re7 31.Rad1 Bc8 32.Rxe7+ Bxe7 33.Be5 Be6 34.c4 Bg5 35.Kf2 f4 36.Bd6 Bg4
37.Re1 Bf6 38.Bxc5 Bh4+ 39.g3 fxg3+ 40.hxg3 Bf6  1-0

[Event "I Fincas Mediterranea"]
[Site "Castelldefels ESP"]
[Date "2004.08.20"]
[Round "3"]
[White "Bojkov,D"]
[Black "Nicora,P"]
[Result "1-0"]
[WhiteElo "2453"]
[BlackElo "2139"]

1.e4 c5 2.Nf3 Nc6 3.Bb5 e6 4.O-O Nge7 5.Re1 a6 6.Bf1 Ng6 7.c3 d5 8.exd5 Qxd5
9.d4 cxd4 10.cxd4 Bb4 11.Nc3 Bxc3 12.bxc3 O-O 13.c4 Qa5 14.Bd2 Qc7 15.d5 exd5
16.cxd5 Nce7 17.Bb4 Nf5 18.Rc1 Qf4 19.Rc4 Qh6 20.Bd2  1-0

[Event "ch-ESP Abierto"]
[Site "Seville ESP"]
[Date "2004.08.20"]
[Round "8"]
[White "Fernandez Garcia,Jo"]
[Black "Llanes Hurtado,M"]
[Result "1/2-1/2"]
[WhiteElo "2478"]
[BlackElo "2397"]

1.e4 c5 2.Nf3 Nc6 3.Bb5 Nf6 4.e5 Nd5 5.Nc3 Nc7 6.Bxc6 dxc6 7.h3 g6 8.Ne4 b6
9.O-O Bg7 10.b3 O-O 11.Bb2 Ne6 12.Re1 a5 13.a4 Ra7 14.d3 f5 15.Neg5 Nxg5
16.Nxg5 h6 17.Nf3 g5 18.Nh2 f4 19.Qh5 Qe8 20.Qxe8 Rxe8 21.Nf3 Be6 22.Nd2 Kf7
23.Nc4 Rb7 24.Rad1 Rd8 25.Bc3 Rf8 26.d4 Bxc4 27.bxc4 cxd4 28.Bxd4 Ke6 29.Rd3 b5
30.axb5 cxb5 31.cxb5 Rxb5 32.Ra3 Rc8 33.c3 h5 34.Rea1 Bxe5 35.Rxa5 Rxa5 36.Rxa5 Bxd4
37.cxd4 Rc1+ 38.Kh2 Kf6 39.h4 gxh4 40.Rxh5 Rd1 41.d5 f3 42.gxf3 Kg6 43.Rxh4 Rxd5
44.Rf4 Ra5 45.Kg3 Ra1 46.Rf8 Kg7 47.Rf5 Kg6 48.Re5 Kf6 49.f4 Ra4 50.Rh5 Kg6
51.Rb5 e6 52.Kg4 Rc4 53.Rg5+ Kf6 54.Rh5 Kg6  1/2-1/2

[Event "ch-FRA w"]
[Site "Val d'Isere FRA"]
[Date "2004.08.20"]
[Round "5"]
[White "Cochet,C"]
[Black "Wohlers Armas,F"]
[Result "1/2-1/2"]
[WhiteElo "2071"]
[BlackElo "2178"]

1.e4 c5 2.Nf3 Nc6 3.Bb5 g6 4.Bxc6 bxc6 5.O-O Bg7 6.d3 d6 7.Nc3 Rb8 8.h3 Qa5
9.Qe1 e5 10.Rb1 Ne7 11.Nh2 O-O 12.f4 Kh8 13.Qh4 Qc7 14.fxe5 Bxe5 15.Bh6 Bg7
16.Bxg7+ Kxg7 17.Qf6+ Kg8 18.Nd1 h6 19.Ne3 Kh7 20.Nhg4 Ng8 21.Qh4 f5 22.exf5 gxf5
23.Qh5 Qf7 24.Qxf7+ Rxf7 25.Nc4 Rg7 26.Nh2 Rg6 27.Nf3 Re6 28.Rbe1 d5 29.Rxe6 Bxe6
30.Re1 dxc4 31.Rxe6 Rxb2 32.Rxc6 Rxc2 33.dxc4 Rxa2 34.Rxc5 Kg6 35.Nh4+ Kg5
36.g3  1/2-1/2

[Event "Open"]
[Site "Vladimir RUS"]
[Date "2004.08.20"]
[Round "3"]
[White "Lastin,A"]
[Black "Kotov,Vi"]
[Result "1/2-1/2"]
[WhiteElo "2611"]
[BlackElo "2332"]

1.e4 c5 2.Nf3 Nc6 3.Bb5 d6 4.O-O Bd7 5.Re1 Nf6 6.c3 a6 7.Ba4 b5 8.Bc2 e5
9.h3 Be7 10.d4 O-O 11.Be3 exd4 12.cxd4 Nb4 13.Nbd2 Nxc2 14.Qxc2 cxd4 15.Nxd4 Qc8
16.Qd3 Qb7 17.Bf4 Rfe8 18.Nf1 d5 19.e5 Ne4 20.Ne3 Nc5 21.Qd2 Ne6 22.Nef5 Nxd4
23.Nxd4 Bc5 24.Rad1 Rac8 25.Ne2 Be6 26.Be3 Bf8 27.Bd4 Qc7 28.Nf4 Qc2 29.Qe3 Bb4
30.Rf1 Qe4 31.a3 Bf8 32.Qg3 Rc4 33.f3 Qf5 34.Ne2 Rc2 35.Rf2 b4 36.axb4 Bxb4
37.Nc3 Bxc3 38.Bxc3 Rc8 39.Ra1  1/2-1/2

[Event "Knjaz Milos Jezero Open"]
[Site "Belgrade SCG"]
[Date "2004.08.21"]
[Round "5"]
[White "Nestorovic,L"]
[Black "Andrijevic,M"]
[Result "0-1"]
[WhiteElo "1917"]
[BlackElo "2383"]

1.e4 c5 2.Nf3 Nc6 3.Bb5 e6 4.Bxc6 bxc6 5.d3 d5 6.Qe2 Nf6 7.O-O Be7 8.b3 O-O
9.Bb2 a5 10.a4 Re8 11.Ne1 Nd7 12.f4 Bf8 13.Nd2 f5 14.e5 d4 15.Nc4 Nb8 16.Kh1 Ba6
17.Rg1 Ra7 18.g4 fxg4 19.Qxg4 Rf7 20.Nf3 Bxc4 21.bxc4 Qd7 22.Rae1 Kh8 23.Rg3 Be7
24.Reg1 Bd8 25.Rh3 Rf5 26.Qg6 h6 27.Bc1 Qf7 28.Qg4 Nd7 29.Qg3 Kh7 30.Nh4 Bxh4
31.Rxh4 Rg8 32.Rg4 g6 33.Qh3 h5 34.Rg5 Rxg5 35.Rxg5 Rb8 36.Bd2 Rb2 37.Qf1 Rxc2
38.Qe1 Nf8 39.Qd1 Rb2 40.Qc1 Qb7 41.Rg1 Qb3 42.Bxa5 Qa2  0-1

[Event "Knjaz Milos Jezero Open"]
[Site "Belgrade SCG"]
[Date "2004.08.22"]
[Round "6"]
[White "Nestorovic,DN"]
[Black "Govedarica,R"]
[Result "0-1"]
[WhiteElo "2166"]
[BlackElo "2440"]

1.e4 c5 2.Nf3 Nc6 3.Bb5 Qc7 4.Bxc6 Qxc6 5.Nc3 a6 6.d4 e6 7.O-O cxd4 8.Nxd4 Qc7
9.Qd3 Nf6 10.Bg5 Be7 11.f4 d6 12.f5 O-O 13.Rad1 b5 14.a3 h6 15.Bh4 Rb8 16.Kh1 Bd7
17.Nde2 exf5 18.Bxf6 Bxf6 19.Nd5 Qd8 20.Nxf6+ Qxf6 21.exf5 Rb6 22.c3 Re8
23.Ng3 Bc6 24.Rfe1 Rbb8 25.Rf1 Rbd8 26.Qd4 Qxd4 27.Rxd4 Re5 28.Kg1 Rd5 29.Rfd1 Rxd4
30.Rxd4 Kf8 31.Kf2 Ke7 32.Nh5 g6 33.fxg6 fxg6 34.Nf4 Rf8 35.Ke2 Rf6 36.g3 Kd7
37.Nd3 Re6+ 38.Kd2 Ke7 39.Rf4 g5 40.Rf2 Be4 41.Re2 Kf6 42.Rf2+ Kg6 43.Rf8 Kh5
44.Nf2 Bc6 45.Rf7 Bd5 46.h3 Kg6 47.Rf8 Bg2 48.h4 Kg7 49.Rf5 Bf1 50.hxg5 Re2+
51.Kc1 Kg6 52.Rf8 hxg5 53.Nd1 Bh3 54.Rf2 Re1 55.Kc2 Bg4  0-1

[Event "2nd Misr Closed"]
[Site "Ismailia EGY"]
[Date "2004.08.22"]
[Round "7"]
[White "Potkin,V"]
[Black "Timoshenko,G"]
[Result "1/2-1/2"]
[WhiteElo "2523"]
[BlackElo "2536"]

1.e4 c5 2.Nf3 Nc6 3.Bb5 d6 4.O-O Bd7 5.Re1 Nf6 6.c3 a6 7.Bf1 Bg4 8.d3 e6
9.Nbd2 Be7 10.h3 Bh5 11.g4 Bg6 12.Nh4 Nd7 13.Nxg6 hxg6 14.f4 Bh4 15.Re2 g5
16.f5 Nde5 17.Re3 O-O 18.Bg2 b5 19.Nf3 Nxf3+ 20.Rxf3 b4 21.Be3 Rb8 22.Qd2 Ne5
23.Rff1 Qe7 24.Qe2 a5 25.d4 Nd7 26.Qd2 Nb6 27.b3 Nd7 28.Rad1 Rfd8 29.cxb4 axb4
30.Kh2 cxd4 31.Qxd4 Ne5 32.Rc1 Qf6 33.Rfd1 Qh6 34.Kg1 Bg3 35.Rd2 Bf4  1/2-1/2

[Event "Paks Cup GM"]
[Site "Paks HUN"]
[Date "2004.08.22"]
[Round "2"]
[White "Videki,S"]
[Black "Schill,W"]
[Result "1-0"]
[WhiteElo "2409"]
[BlackElo "2298"]

1.e4 c5 2.Nf3 Nc6 3.Bb5 g6 4.Bxc6 dxc6 5.d3 Bg7 6.Nc3 e5 7.Be3 Qe7 8.h3 Nf6
9.Qd2 Nd7 10.a3 Nf8 11.Na4 Ne6 12.b4 b6 13.bxc5 b5 14.Nb2 Nxc5 15.Qc3 Nb7
16.Qxc6+ Qd7 17.Qxd7+ Bxd7 18.a4 bxa4 19.Nxa4 O-O 20.O-O f5 21.Rfb1 Bc6 22.Nc3 Rfc8
23.Rxa7 Rxa7 24.Bxa7 Nd6 25.Nd2 Be8 26.Bb8 Rxc3 27.Bxd6 Rc6 28.Rb8 Kf7 29.Rb7+ Kg8
30.Bb4 Rxc2 31.Nc4 Bc6 32.Rc7 Ba4 33.Ra7 Bc6 34.Rc7 Ba4 35.Rc8+ Kf7 36.Ra8 Bc6
37.Ra6 fxe4 38.Rxc6 exd3 39.Bd2 e4 40.Nd6+ Kg8 41.Rc8+ Bf8 42.Rxc2 dxc2 43.Nc4 Bb4
44.Bc1 Bc5 45.Ne3  1-0

[Event "14th Open"]
[Site "Abu Dhabi UAE"]
[Date "2004.08.23"]
[Round "9"]
[White "Dzhumaev,M"]
[Black "Chernyshov,K"]
[Result "1-0"]
[WhiteElo "2520"]
[BlackElo "2585"]

1.e4 c5 2.Nf3 Nc6 3.Bb5 d6 4.O-O g6 5.d4 Bd7 6.dxc5 dxc5 7.Qe2 Bg7 8.Rd1 Qc8
9.Nc3 Bg4 10.Nd5 Kf8 11.Bxc6 Qxc6 12.h3 Bxf3 13.Qxf3 h6 14.Bf4 Bxb2 15.Rab1 Bg7
16.Nc7 Rc8 17.Qg4 e6 18.Bd6+ Ne7 19.Nxe6+ fxe6 20.Qxe6 Rc7 21.Rxb7 Rxb7 22.Bxe7+ Rxe7
23.Qxc6 Kf7 24.Qd5+ Ke8 25.Rb1 Be5 26.Rb7  1-0

[Event "Knjaz Milos Jezero Open"]
[Site "Belgrade SCG"]
[Date "2004.08.23"]
[Round "7"]
[White "Boric,T"]
[Black "Andrijasevic,M"]
[Result "1/2-1/2"]
[WhiteElo "2033"]
[BlackElo "2143"]

1.e4 c5 2.Nf3 Nc6 3.Bb5 g6 4.Bxc6 bxc6 5.d4 cxd4 6.Qxd4 Nf6 7.e5 Ng8 8.O-O Bg7
9.Re1 d5 10.Qh4 h6 11.Nc3 e6 12.Qg3 Ne7 13.h4 Nf5 14.Qh3 h5 15.Bg5 Qb6 16.Rab1 Qb4
17.Qh2 Nd4 18.Nxd4 Qxd4 19.Rbd1 Qb4 20.Ne4 O-O 21.Nf6+ Bxf6 22.Bxf6 Qxb2
23.Qf4 Kh7 24.Be7 Ba6 25.Bc5 Qxc2 26.Be3 Qf5 27.Qh6+ Kg8 28.Bg5 f6 29.Bxf6 Rxf6
30.exf6 Qxf6 31.Re3 Qg7 32.Qxg7+ Kxg7 33.Rxe6 Bc4 34.Rxc6 Bxa2 35.Ra1 Bc4
36.Rc7+ Kf6 37.Raxa7 Rb8 38.Rc6+ Ke5 39.Re7+ Kd4 40.Re3 Rb1+ 41.Kh2 Bd3 42.Kg3 Rg1
43.Re7 Be4 44.f3 Bd3 45.Rce6 Ra1 46.Rd6 Ra2 47.Red7 Ra5 48.Kf4 Rb5 49.g4 hxg4
50.fxg4 Be4 51.h5 gxh5 52.gxh5 Rb1 53.h6 Rf1+ 54.Kg5 Rg1+ 55.Kf6 Rf1+ 56.Kg7 Rg1+
57.Kf8 Rh1 58.Kg8 Ke5 59.Rb6 Kf4 60.Rf7+ Ke3 61.Re6 Kd3 62.h7 Bxh7+ 63.Rxh7 Rxh7
64.Kxh7 d4 65.Kg6 Kc2 66.Kf5 d3 67.Rc6+ Kb2 68.Rd6  1/2-1/2

[Event "Knjaz Milos Jezero Open"]
[Site "Belgrade SCG"]
[Date "2004.08.23"]
[Round "7"]
[White "Govedarica,R"]
[Black "Jelic,G"]
[Result "1-0"]
[WhiteElo "2440"]
[BlackElo "2232"]

1.e4 c5 2.Nf3 Nc6 3.Bb5 g6 4.Bxc6 dxc6 5.h3 Bg7 6.O-O e5 7.d3 Qe7 8.Nc3 Nf6
9.Be3 Nd7 10.Qd2 O-O 11.Bh6 f6 12.Bxg7 Kxg7 13.Nh2 h5 14.f4 exf4 15.Rxf4 Ne5
16.Raf1 Be6 17.R4f2 Rad8 18.Nf3 Qd6 19.Ne2 Nxf3+ 20.Rxf3 Qe5 21.b3 b6 22.Nf4 Bf7
23.Qe1 a5 24.a4 Rd6 25.Kh1 Re8 26.Qf2 Re7 27.Ne2 Be8 28.Ng1 Bd7 29.Re3 Rde6
30.Nf3 Qd6 31.Ree1 Qf4 32.g3 Qb8 33.Kg2 Qe8 34.g4 hxg4 35.hxg4 Kg8 36.g5 f5
37.e5 Rh7 38.Rh1 Ree7 39.Rxh7 Rxh7 40.e6 Bxe6 41.Qe3 Re7 42.Qe5 Kf8 43.Qh8+ Bg8
44.Qf6+ Bf7 45.Rh1 Re2+ 46.Kf1  1-0

[Event "ch-FRA"]
[Site "Val d'Isere FRA"]
[Date "2004.08.23"]
[Round "8"]
[White "Degraeve,JM"]
[Black "Maze,S"]
[Result "1/2-1/2"]
[WhiteElo "2530"]
[BlackElo "2497"]

1.e4 c5 2.Nf3 Nc6 3.Bb5 d6 4.O-O Bd7 5.Re1 a6 6.Bxc6 Bxc6 7.d4 cxd4 8.Nxd4 Nf6
9.Nxc6 bxc6 10.Qf3 e5 11.Bg5 Be7 12.Nd2 h6 13.Bxf6 Bxf6 14.Nc4 Be7 15.Rad1 Qc7
16.Rd3 O-O 17.Qh5 Rfe8 18.b3 Bf8 19.Red1 Rad8 20.Qe2 f5 21.f3 d5 22.exd5 e4
23.d6 exd3 24.Qxe8 Qa7+ 25.Qe3 dxc2 26.Rc1 Rxd6 27.Qxa7 Rd1+ 28.Kf2 Rxc1
29.Ne3 Rf1+ 30.Nxf1 c1=Q 31.Qxa6 Qc2+ 32.Kg3 f4+ 33.Kh3 Qf5+ 34.g4 fxg3 35.Kxg3 Bd6+
36.Kf2 Bc5+ 37.Ke2 Qe5+ 38.Kd1 Qd6+ 39.Kc2 Bb4 40.Qd3 Qe7 41.Ne3 Kh8 42.Qe4 Qc5+
43.Kb1 Bd2 44.Nc4 Qg1+ 45.Kc2 Bg5 46.Qe2 Bf6 47.b4 c5 48.a3 cxb4 49.axb4 Qa1
50.Kb3 Qb1+ 51.Ka4 Qa1+ 52.Kb5 Qa8 53.Nb6 Qb8 54.Ka6 Bd4 55.Qe6 Bxb6 56.Qxb6 Qa8+
57.Qa7 Qc6+ 58.Ka5 Qxf3 59.Qb8+ Kh7 60.Qd6 Qa3+ 61.Kb6 Qe3+ 62.Kb7 Qe2 63.Kc6 Qa6+
64.Kc5 Qa7+ 65.Kb5 Qb7+ 66.Ka4 Qe4 67.Ka3 Qe2 68.Kb3 h5 69.Kc3 Qe1+ 70.Kc4 Qe4+
71.Kc5 Qc2+ 72.Kb6 Qf2+ 73.Kb7 Qe2 74.Kb6 Qf2+ 75.Kc6 Qc2+ 76.Qc5 Qg2+ 77.Qd5 Qc2+
78.Kd7 Qxh2 79.b5 Qh3+ 80.Kd8 Qh4+ 81.Ke8 Qh2 82.b6 Qb8+ 83.Qd8 Qe5+ 84.Kd7 Qb5+
85.Kc7 Qc4+ 86.Kb8 h4 87.Qg5 Qg8+ 88.Ka7 Qa2+ 89.Kb7 Qf7+ 90.Ka6 Qa2+ 91.Kb5 Qb3+
92.Kc5 Qc3+ 93.Kb5 Qb3+ 94.Kc5  1/2-1/2

[Event "Knjaz Milos Jezero Open"]
[Site "Belgrade SCG"]
[Date "2004.08.25"]
[Round "9"]
[White "Nestorovic,L"]
[Black "Savic,Dragol"]
[Result "1-0"]
[WhiteElo "1917"]
[BlackElo "2137"]

1.e4 c5 2.Nf3 Nc6 3.Bb5 g6 4.Bxc6 bxc6 5.O-O Bg7 6.Re1 e5 7.c3 Ne7 8.d4 cxd4
9.cxd4 exd4 10.Nxd4 Qb6 11.Nb3 a5 12.Be3 Qd8 13.Bd4 O-O 14.Bxg7 Kxg7 15.Qd4+ Kg8
16.Nc3 d5 17.exd5 Nxd5 18.Rad1 Be6 19.Qc5 Qb6 20.Rxd5  1-0

[Event "73rd ch-UKR"]
[Site "Kharkiv UKR"]
[Date "2004.08.26"]
[Round "2.1"]
[White "Fedorchuk,S"]
[Black "Oleksienko,M"]
[Result "0-1"]
[WhiteElo "2569"]
[BlackElo "2424"]

1.e4 c5 2.Nf3 Nc6 3.Bb5 g6 4.Bxc6 bxc6 5.O-O Bg7 6.Re1 Nh6 7.c3 O-O 8.h3 f6
9.d4 cxd4 10.cxd4 Nf7 11.b3 d6 12.Bb2 f5 13.Nbd2 fxe4 14.Nxe4 c5 15.Qd2 cxd4
16.Nxd4 Qb6 17.Rad1 e5 18.Nc2 Bb7 19.Nc3 Ng5 20.Nd5 Qd8 21.f4 Rxf4 22.Nxf4 exf4
23.Bxg7 Nxh3+ 24.Kh2 Qh4 25.Bf6 Qg3+ 26.Kh1 Nf2+  0-1

[Event "Paks Cup GM"]
[Site "Paks HUN"]
[Date "2004.08.26"]
[Round "6"]
[White "Nevednichy,V"]
[Black "Schill,W"]
[Result "1/2-1/2"]
[WhiteElo "2538"]
[BlackElo "2298"]

1.e4 c5 2.Nf3 Nc6 3.Bb5 Nf6 4.Nc3 Qc7 5.O-O Nd4 6.a4 a6 7.Be2 e6 8.d3 Be7
9.Nxd4 cxd4 10.Nb1 O-O 11.Bf3 d5 12.exd5 Nxd5 13.Re1 Bf6 14.Nd2 Bd7 15.a5 Bb5
16.Ne4 Be7 17.Ng5 Rfd8 18.Bd2 Rac8 19.Rc1 Ba4 20.Qe2 Rd6 21.c4 dxc3 22.bxc3 Bxg5
23.Bxg5 Qxa5 24.c4 Nb4 25.Bd2 Qc5 26.Be3 Qc7 27.d4 Rdd8 28.Be4 a5 29.Qh5 f5
30.Bb1 Qf7 31.Qh3 g6 32.Qh4 f4 33.Bxf4 Rxd4 34.g3 Rc5 35.Re4 Rxe4 36.Bxe4 Rc8
37.Qg5 Bc6 38.Bb1 b6 39.h4 Ba8 40.Re1 Nc6 41.Rd1 e5 42.Be4 Nd4 43.Qxe5 Nf3+
44.Bxf3 Bxf3 45.Re1 Bc6 46.Qd6 Re8 47.Rd1 Qxc4 48.Kh2 Qe4 49.Rg1 Qd5 50.Qxd5+ Bxd5
51.Bc7 Re2 52.Bxb6 a4 53.Rd1 Bb3 54.Rd3 Re6 55.Bc5 Rc6 56.Ba3 h5 57.Kg2 Kf7
58.Kf3 Bc2 59.Re3 Rb6 60.Kf4 Rb7 61.Kg5 Kg7 62.Rc3  1/2-1/2

[Event "73rd ch-UKR 3rd-4th"]
[Site "Kharkiv UKR"]
[Date "2004.09.02"]
[Round "5.2"]
[White "Goloshchapov,A"]
[Black "Moiseenko,A"]
[Result "1/2-1/2"]
[WhiteElo "2577"]
[BlackElo "2640"]

1.e4 c5 2.Nf3 Nc6 3.Bb5 e6 4.Bxc6 bxc6 5.d3 Qc7 6.O-O d6 7.c3 Nf6 8.Re1 Be7
9.d4 cxd4 10.cxd4 O-O 11.Nc3 Rb8 12.b3 c5 13.Be3 cxd4 14.Qxd4 Ng4 15.Rac1  1/2-1/2

[Event "TCh-CRO w"]
[Site "Rabac CRO"]
[Date "2004.09.05"]
[Round "1"]
[White "Solic,K"]
[Black "Sargac,R"]
[Result "1/2-1/2"]
[WhiteElo "2171"]
[BlackElo "2211"]

1.e4 c5 2.Nf3 Nc6 3.Bb5 e6 4.O-O Nge7 5.Re1 a6 6.Bxc6 Nxc6 7.d4 cxd4 8.Nxd4 e5
9.Nf5 d5 10.exd5 Bxf5 11.dxc6 Qxd1 12.Rxd1 bxc6 13.c3 Be7 14.Be3 O-O 15.Nd2 Rfd8
16.Nc4 f6 17.Bb6 Rxd1+ 18.Rxd1 Be6 19.b3 Rb8 20.Bc7 Rb7 21.Bd8 Bxc4 22.Bxe7 Bxb3
23.axb3 Rxe7 24.Kf1 Rb7 25.b4 Kf7 26.Rd8 Ke6 27.Ke2 Ra7 28.Rc8 Kd5 29.Kd3 e4+
30.Ke3 a5 31.bxa5 Rxa5 32.c4+ Kxc4 33.Rxc6+ Kd5 34.Rc7 Ra3+ 35.Ke2 g5 36.Rxh7 Kd4
37.Rd7+ Ke5 38.Re7+ Kf4 39.g3+ Kf5 40.h3 Ra1 41.Ke3 Re1+ 42.Kd2 Rh1 43.Ke3 Re1+
44.Kd2 Ra1 45.Ke3 Ra3+ 46.Ke2 Ra1 47.Ke3 Re1+ 48.Kd2 Rf1 49.Ke3 Re1+  1/2-1/2

[Event "1st Kalamaria Open"]
[Site "Thessaloniki GRE"]
[Date "2004.09.05"]
[Round "3"]
[White "Kasparov,S"]
[Black "Kacakovski,D"]
[Result "1-0"]
[WhiteElo "2484"]
[BlackElo "2194"]

1.e4 c5 2.Nf3 Nc6 3.Bb5 e6 4.Bxc6 bxc6 5.d3 d5 6.Qe2 Nf6 7.Nbd2 g6 8.b3 Bg7
9.Bb2 O-O 10.O-O a5 11.Ne5 Qb6 12.a4 Ba6 13.Rab1 Ra7 14.Kh1 Nd7 15.Nxd7 Rxd7
16.Bxg7 Kxg7 17.f4 dxe4 18.Nxe4 Qb4 19.h3 Qd4 20.Qe1 Ra8 21.Rd1 Rda7 22.Qf2 Qxf2
23.Rxf2 Rd8 24.Nxc5 Rd5 25.Nxa6 Rxa6 26.Re1 Rb6 27.g3 h5 28.Kg2 Rb8 29.Kf3 Kf8
30.Re4 Ke7 31.Ke3 f5 32.Rc4 Kd6 33.h4 c5 34.Rd2 e5 35.fxe5+ Rxe5+ 36.Kf4 Rbe8
37.d4 Re4+ 38.Kf3 cxd4 39.Rdxd4+ Rxd4 40.Rxd4+ Kc5 41.Rc4+ Kb6 42.Kf4 Re2
43.Kg5 Re6 44.Rc8 Kb7 45.Rg8 Re3 46.Rg7+ Kb8 47.Rxg6 Rxg3+ 48.Kxf5 Rh3 49.Kg5 Rc3
50.Kxh5 Rxc2 51.Rg5 Rc3 52.Rxa5  1-0

[Event "8th WUCC"]
[Site "Instanbul TUR"]
[Date "2004.09.06"]
[Round "2"]
[White "Ghaem Maghami,E"]
[Black "Mallahi,A"]
[Result "1-0"]
[WhiteElo "2552"]
[BlackElo "2387"]

1.e4 c5 2.Nf3 Nc6 3.Bb5 g6 4.O-O Bg7 5.Bxc6 dxc6 6.d3 Nf6 7.h3 Nd7 8.c3 e5
9.Be3 Qe7 10.d4 O-O 11.Re1 Rd8 12.Bg5 f6 13.Be3 cxd4 14.cxd4 exd4 15.Nxd4 Ne5
16.Qc2 c5 17.Ne2 b6 18.Nbc3 Bb7 19.Nf4 Qf7 20.Rad1 Nc6 21.Nfd5 h6 22.Qb3 Kh7
23.Qc2 Rac8 24.Qb1 Nb4 25.Nxb4 cxb4 26.Nb5 Rxd1 27.Rxd1 Qe7 28.Nd6 Rd8 29.Nxb7 Rxd1+
30.Qxd1 Qxb7 31.Qc2 Qf7 32.b3 Qe6 33.Qc7 Qxe4 34.Qxa7 g5 35.g4 h5 36.Qd7 Kh6
37.Qf5 Qxf5 38.gxf5 Bf8 39.Bxb6 Kg7 40.f3 Kf7 41.Kf2 Ke8 42.Ke3 Kd7 43.Bd4 Be7
44.Kd3 Kc6 45.Kc4 Bd8 46.Bc5  1-0

[Event "8th WUCC"]
[Site "Instanbul TUR"]
[Date "2004.09.06"]
[Round "3"]
[White "Bitansky,I"]
[Black "Gutierrez,Re"]
[Result "1-0"]
[WhiteElo "2377"]
[BlackElo "2289"]

1.e4 c5 2.Nf3 Nc6 3.Bb5 d6 4.Bxc6+ bxc6 5.O-O e5 6.c3 Ne7 7.Na3 Ng6 8.Nc4 Be7
9.d4 Ba6 10.Qd3 cxd4 11.Nxd6+ Qxd6 12.Qxa6 c5 13.Qxd6 Bxd6 14.Nd2 O-O 15.Nc4 Be7
16.Bd2 Rab8 17.g3 Rfd8 18.Rfe1 f6 19.f4 Bd6 20.f5 Nh8 21.cxd4 cxd4 22.Ba5 Bb4
23.Bxd8 Bxe1 24.Bxf6 gxf6 25.Rxe1 Nf7 26.b3 Kf8 27.Kf2 Ke7 28.Ke2 Rc8 29.Kd2 h5
30.Rc1 Kd7 31.Kd3 h4 32.Rg1 hxg3 33.Rxg3 Rh8 34.h3 Ke7 35.b4 Ng5 36.Nxe5 fxe5
37.Rxg5 Rxh3+ 38.Kc4 d3 39.Rg2 Re3 40.Kd5 Re2 41.Rg7+ Kf6 42.Rg6+ Kf7 43.Kxe5 Rxa2
44.Rd6 d2 45.Kf4 Rb2 46.Ke3 Rxb4 47.Rxd2 a5 48.Kf4 a4 49.Rd7+ Kf6 50.Ra7 Rc4
51.Ra6+ Ke7 52.Ke5 Rb4 53.Ra7+ Ke8 54.Kd5  1-0

[Event "TCh-CRO u20"]
[Site "Rabac CRO"]
[Date "2004.09.06"]
[Round "2"]
[White "Lulic,I"]
[Black "Miletic,Jos"]
[Result "0-1"]
[WhiteElo "2026"]
[BlackElo "2152"]

1.e4 c5 2.Nf3 Nc6 3.Bb5 g6 4.Bxc6 dxc6 5.h3 Bg7 6.d3 Nf6 7.Nc3 O-O 8.Be3 Qa5
9.Qd2 c4 10.d4 b5 11.e5 b4 12.exf6 bxc3 13.Qxc3 Qxc3+ 14.bxc3 Bxf6 15.Nd2 Bf5
16.Nxc4 Bxc2 17.Kd2 Bf5 18.Bf4 Rfd8 19.Ke3 c5 20.Rhd1 cxd4+ 21.cxd4 Rac8
22.Rac1 Be6 23.Ne5 Bxa2 24.Nc6 Rd7 25.Ne5 Rdc7 26.Rxc7 Rxc7 27.Rd3 g5 28.Bg3 Rc2
29.Ra3 Bd5 30.Nf3 Ra2 31.Rxa2 Bxa2 32.Be5 Bd5 33.Bxf6 exf6 34.Ne1 f5 35.f4 f6
36.g3 Be4 37.h4 g4 38.d5 Kf7 39.Kd4 Ke7 40.Kc5 Kd7 41.h5 h6 42.d6 Ke6 43.Kb5 Kxd6
44.Ka6 Kc5 45.Kxa7 Kd4 46.Kb6 Ke3 47.Kc7 Kf2 48.Kd6 Kxe1 49.Ke7 Kf2 50.Kf7 Kxg3
51.Kg7 Kxf4 52.Kxh6 g3 53.Kh7 g2 54.h6 g1=Q 55.Kh8 Qh2 56.h7 Kg5 57.Kg8 Bd5+
58.Kh8 f4  0-1

[Event "8th WUCC"]
[Site "Instanbul TUR"]
[Date "2004.09.07"]
[Round "4"]
[White "Kurnosov,I"]
[Black "Haznedaroglu,K"]
[Result "1-0"]
[WhiteElo "2535"]
[BlackElo "2395"]

1.e4 c5 2.Nf3 Nc6 3.Bb5 g6 4.O-O Bg7 5.c3 e5 6.d4 cxd4 7.cxd4 Nxd4 8.Nxd4 exd4
9.Bf4 Ne7 10.Na3 a6 11.Rc1 Nc6 12.Bd6 Be5 13.Nc4 axb5 14.Nxe5 Qf6 15.Nxc6 Qxd6
16.e5 Qe6 17.Nb4 d6 18.f4 dxe5 19.fxe5 O-O 20.Qxd4 Ra4 21.b3 Ra8 22.Rc7 Qe8
23.Nd5 Qe6 24.Re7 Qa6 25.e6  1-0

[Event "TCh-CRO u20"]
[Site "Rabac CRO"]
[Date "2004.09.07"]
[Round "3"]
[White "Franciskovic,V"]
[Black "Rukavina,Dar"]
[Result "1/2-1/2"]
[WhiteElo "2151"]
[BlackElo "2086"]

1.e4 c5 2.Nf3 Nc6 3.Bb5 e6 4.Bxc6 bxc6 5.O-O Ne7 6.b3 Ng6 7.Bb2 f6 8.d3 Be7
9.Nc3 O-O 10.Qd2 d6 11.d4 cxd4 12.Nxd4 Qc7 13.Rad1 Rd8 14.Ba3 c5 15.Nde2 Bb7
16.Nf4 Nxf4 17.Qxf4 Qa5 18.Bb2 Qa6 19.Rd3 d5 20.Rh3 d4 21.Qh4 dxc3 22.Qxh7+ Kf7
23.Qh5+ Kg8 24.Qh7+ Kf7  1/2-1/2

[Event "8th WUCC Women"]
[Site "Instanbul TUR"]
[Date "2004.09.08"]
[Round "6"]
[White "Rybenko,K"]
[Black "Partac,E"]
[Result "1/2-1/2"]
[WhiteElo "2248"]
[BlackElo "2275"]

1.e4 c5 2.Nf3 Nc6 3.Bb5 g6 4.Bxc6 dxc6 5.d3 Bg7 6.h3 Nf6 7.Nc3 O-O 8.Be3 b6
9.Qd2 e5 10.Bh6 Qd6 11.Qg5 Nd7 12.Bxg7 Kxg7 13.h4 h5 14.O-O-O Re8 15.g4 Qf6
16.Nh2 Qxg5+ 17.hxg5 Rh8 18.Ne2 Nf8 19.gxh5 Rxh5 20.Ng3 Rh7 21.Rdf1 Bh3 22.Rfg1 Nd7
23.Kd2 Rah8 24.Nf3 Bg4 25.Ke3 Bxf3 26.Kxf3 Nf8 27.Kg4 Ne6 28.Rxh7+ Rxh7 29.Rh1 Rxh1
30.Nxh1 Nf4  1/2-1/2